| 000 | 00362nam a2200145Ia 4500 | ||
|---|---|---|---|
| 005 | 20251222143258.0 | ||
| 008 | 251222s9999||||xx |||||||||||||| ||spa|| | ||
| 020 | _a950-808-166-X | ||
| 082 | _a370.152.4/G12 | ||
| 100 | _aGadino, Alfredo | ||
| 245 | 0 | _aLa Construcción del Pensamiento Reflexivo: | |
| 250 | _a3a.ed. | ||
| 264 | _bHomo Sapiens | ||
| 942 | _cLIB | ||
| 999 |
_c15206 _d15206 |
||